| 000 | nam a22 7a 4500 | ||
|---|---|---|---|
| 999 |
_c129775 _d129775 |
||
| 008 | 190903b xxu||||| |||| 00| 0 eng d | ||
| 050 | _aBV3625.G82 F4 | ||
| 100 |
_aFernandez, Cristobal _947994 |
||
| 245 |
_aMisiones Y misioneros en la Guinea Espanola _bhistoria documentada de sus primeros Azarosos Dias (1883-1912) _cCristobal Fernandez |
||
| 260 |
_aMadrid _bEditorial Co. Cul. _c1965 |
||
| 300 |
_a817p. ; _c24cm. |
||
| 650 |
_aMissions _xGuineo, Spanist _947995 |
||
| 650 |
_aCatholic Church church _xMissions _947996 |
||
| 942 |
_2lcc _cMONOGRAPH |
||